| 000 | 00000nam##2200000za#4500 |
| 001 | 9.570500 |
| 003 | CaOODSP |
| 005 | 20230629103825 |
| 007 | cr ||||||||||| |
| 008 | 150406|2002||||xxc|||||o f|0| 0 eng|d |
| 040 | |aCaOODSP|beng |
| 043 | |an-cn--- |
| 086 | 1 |aYC11-0/371-19E-PDF |
| 110 | 1 |aCanada. |bParliament. |bSenate. |bStanding Committee on Banking, Trade and Commerce. |
| 245 | 13|aAn environment for prosperity : |h[electronic resource]|bfacilitating the growth of small and medium-sized businesses in Canada / |cThe Honourable E. Leo Kolber, chair; The Honourable David Tkachuk, deputy chair. |
| 246 | 1 |iAt head of title : |aInterim report of the Standing Senate Committee on Banking, Trade and Commerce |
| 260 | |aOttawa - Ontario : |bSenate. |cSeptember 2002. |
| 300 | |a78p. |
| 490 | 1 |aReport of the Standing Senate Committee on Banking, Trade and Commerce|v[37th Parliament, 1st Session, 19th report] |
| 590 | |a11-12-Supp|b2011-07-29 |
| 775 | 08|tPour un environnement propice à la prospérité : |w(CaOODSP)9.601217 |
| 830 | #0|aReport of the Standing Senate Committee on Banking, Trade and Commerce ;|v[37th Parliament, 1st Session, 19th report]|w(CaOODSP)9.505261 |
| 856 | 40|ahttp://publications.gc.ca|qPDF|s454 KB|uhttps://publications.gc.ca/collections/collection_2011/sen/yc11-0/YC11-0-371-19-eng.pdf|y[37th Parliament, 1st Session, 19th report] |